Weiter zum Inhalt

Математическая подготовка будущих экономистов: компетентностный подход учебное пособие

Учебное пособие содержит общие рекомендации по изучению курса высшей математики. Основной теоретический материал проиллюстрирован примерами и набором задач для выполнения практических работ и прохождения тестирования необходимым для закрепления основных умений и навыков при изучении дисциплины. Испо...

Ausführliche Beschreibung

Gespeichert in:
Bibliographische Detailangaben
1. Verfasser: Уварова М. Н.
Weitere Verfasser: Павлова Т. А.
Format: Книга
Sprache:Russian
Veröffentlicht: Орел ОрелГАУ 2018
Online Zugang:https://e.lanbook.com/book/118821
https://e.lanbook.com/img/cover/book/118821.jpg
Tags: Tag hinzufügen
Keine Tags, Fügen Sie den ersten Tag hinzu!
LEADER 02224nam0a2200253 i 4500
001 118821
003 RuSpLAN
005 20221220174029.0
008 221220s2018 ru gs 000 0 rus
040 |a RuSpLAN 
041 0 |a rus 
044 |a ru 
080 |a 517 
245 0 0 |a Математическая подготовка будущих экономистов: компетентностный подход  |b учебное пособие  |c Уварова М. Н.,Павлова Т. А. 
260 |a Орел  |b ОрелГАУ  |c 2018 
300 |a 242 с. 
504 |a Библиогр.: доступна в карточке книги, на сайте ЭБС Лань 
520 8 |a Учебное пособие содержит общие рекомендации по изучению курса высшей математики. Основной теоретический материал проиллюстрирован примерами и набором задач для выполнения практических работ и прохождения тестирования необходимым для закрепления основных умений и навыков при изучении дисциплины. Использованы основные математические методы и модели, необходимые при изучении курса высшей математики. Для преподавателей вузов, аспирантов, студентов бакалавриата направлений подготовки 38.03.01 «Экономика», 38.03.02 «Менеджмент» согласно Государственному образовательному стандарту высшего профессионального образования при изучении дисциплины «Математика». 
521 8 |a Книга из коллекции ОрелГАУ - Математика 
100 1 |a Уварова М. Н. 
700 1 |a Павлова Т. А. 
856 4 |u https://e.lanbook.com/book/118821 
856 4 8 |u https://e.lanbook.com/img/cover/book/118821.jpg 
953 |a https://e.lanbook.com/img/cover/book/118821.jpg